Modèles audi - Statistiques

Statistiques générales
  • Ce quiz a été pris 216 fois
  • Le résultat moyen est 7 sur 16
Statistiques - réponses
Par images Réponse % Correct
A3
95%
A5
73%
R8
62%
A1
61%
Q3
58%
Q2
55%
RS7
50%
A6
47%
Q7
47%
e-tron GT
39%
Q5
39%
Q8
36%
A8
34%
Q4 e-tron
10%
A6 e-tron
8%
Q6 e-tron
4%
Aucun quiz correspondant
Distribution des résultats
% des personnes avec chaque résultat
Percentile par nombre de réponses
Votre historique - résultats
Vous n’avez pas pris ce quiz